NTC v Košiciach

Na minha lista:
Detalhes bibliográficos
Autor principal: Kováč, Jozef (Author)
Outros Autores: Brodniansky, Ján (Thesis advisor)
Formato: Manuscrito Livro
Idioma:eslovaco
Publicado em: 2020
Assuntos:
Acesso em linha:http://is.stuba.sk/zp/portal_zp.pl?podrobnosti=159915
https://opac.crzp.sk/?fn=detailBiblioForm&sid=F5195A1FF5FC85745343AADFA517
Tags: Adicionar Tag
Sem tags, seja o primeiro a adicionar uma tag!

MARC

LEADER 00000ntm a22000003a 4500
001 stuzp78925
003 SK-STU
005 20230519095016.2
007 ta
008 150427s2015----xo-----f-mn---000-0-slo-d
040 |a STU  |b slo 
041 0 |a slo 
100 1 |a Kováč, Jozef  |u 010190  |4 aut  |U SvF Stavebná fakulta  |T SvF Katedra kovových a drevených konštrukcií  |X 55611  |U V190  |Y 21  |7 55611 
242 0 1 |a NTC v Košiciach  |y eng 
245 1 0 |a NTC v Košiciach 
260 |c 2020 
650 4 |a Statická analýza  |2 slo 
650 4 |a Nosná konštrukcia  |2 slo 
650 4 |a Strešná konštrukcia  |2 slo 
650 4 |a Roof structure  |2 eng 
650 4 |a Structural system  |2 eng 
650 4 |a Structural analysis  |2 eng 
700 1 |a Brodniansky, Ján  |u 010190  |k Z1  |4 ths  |U SvF Stavebná fakulta  |T SvF Katedra kovových a drevených konštrukcií  |X 1013  |U V190  |Y 21  |7 A000001013 
856 4 |u http://is.stuba.sk/zp/portal_zp.pl?podrobnosti=159915 
856 4 |u https://opac.crzp.sk/?fn=detailBiblioForm&sid=F5195A1FF5FC85745343AADFA517